Countries Missing First and Last Letters - Statistics

General Stats
  • This quiz has been taken 406 times
  • The average score is 23 of 24
Answer Stats
Hint Answer % Correct
_iberi_ Liberia
99%
_exic_ Mexico
99%
_ndorr_ Andorra
98%
_onac_ Monaco
98%
_akista_ Pakistan
98%
_anam_ Panama
97%
_wede_ Sweden
96%
_urke_ Turkey
96%
_hin_ China
95%
_esoth_ Lesotho
95%
_huta_ Bhutan
94%
_razi_ Brazil
94%
_ranc_ France
94%
_celan_ Iceland
94%
_tal_ Italy
94%
_ietna_ Vietnam
94%
_apa_ Japan
93%
_pai_ Spain
93%
_rune_ Brunei
92%
_eny_ Kenya
91%
_uda_ Sudan
91%
_rugua_ Uruguay
91%
_er_ Peru
89%
_omoro_ Comoros
86%
No matching quizzes found
Score Distribution
Percent of People with Each Score
Percentile by Number Answered
Your Score History
You have not taken this quiz